You Don't Know Jack! Trivia - Statistics

General Stats
  • This quiz has been taken 2,368 times
  • The average score is 6 of 15
Answer Stats
Question Answer % Correct
Which of these characters is NOT dressed to resemble a member of the Village People? Captain Hook
73%
Who would NOT be invited to a Neapolitan threesome? Liz Lemon
65%
Suppose Jackson Pollock had become a sandwich artist at Subway. What would his supervisor have noted about his performance? "Overuses the sauce squirters."
58%
If Macklemore wanted to shorten his name using a symbol, what would be his best choice? Mackle>
49%
It's better to have a bottle in front of me, than a frontal lobotomy. Which of these characters would have received this advice too late? McMurphy from One Flew Over the Cuckoo's Nest
38%
Because the title contains a prime number, what would be the most appropriate movie to stream on Amazon Prime? 47 Ronin
37%
Why do the two guys in Daft Punk wear those giant helmets? To hide their weird French faces
37%
If I only wanted to consume Nicolas Cage-free movies, what film would it be okay for me to watch? The Expendables 2
35%
What part of The Sixth Sense is its "denouement?" When you find out HE WAS DEAD THE WHOLE TIME!
35%
What do a Victoria's Secret model and the mineral feldspar have in common? Both have perfect cleavage
31%
Put these Broadway musicals in order of LONGEST to SHORTEST original runs: Grease, Rent, Spamalot Rent, Grease, Spamalot
28%
The movie Key Largo came out in 1948 and the next major "-argo" movie was Fargo. How long was the next major "-argo" embargo between Fargo and Argo? 16 years
24%
If it were based on the original Beowulf story, which character would NOT exist in the Martin Scorsese film The Beowulf of Wall Street? Matthew McConaughey as Grendel's father
24%
Suppose Wile E. Coyote is chasing the Roadrunner from the Texas School Book Depository Building. What will you hear if he falls from the window where Lee Harvey Oswald shot JFK? Six floors' worth of a falling sound, then a kerplunk
18%
Which of these famous symbols resembles a letter in the Norwegian alphabet? the Ghostbusters symbol
18%
No matching quizzes found
Score Distribution
Percent of People with Each Score
Percentile by Number Answered
Your Score History
You have not taken this quiz